000 00594nam a22002177a 4500
005 20220722115610.0
008 220722b ||||| |||| 00| 0 eng d
040 _cAL
041 _aEnglish
082 _223
_a305.4
_bMITW
100 _aJuliet Mitchell
_952661
245 _aWomans Estate
260 _aHarmondsworth
_bPenguin Books Ltd
_c1971
300 _a189 p.
_bPB
_c18x11 cm.
650 _aFeminism
_952662
650 _aWomen--Modern period
_952663
650 _aWomen--Social conditions
_952664
650 _aWomen
_952665
700 _aMITCHELL (Juliet)
_952666
942 _2ddc
_cGF
999 _c224111
_d224111